| 000 | 00402nam a2200169Ia 4500 | ||
|---|---|---|---|
| 008 | 221030s9999 xx 000 0 und d | ||
| 020 | _a0074600818 | ||
| 041 | _aEnglish | ||
| 082 |
_a105.23 _bRic |
||
| 100 | _aE. Rich | ||
| 245 | 0 |
_aArtificial Intelligence _cby E. Rich, K. Knight |
|
| 260 |
_bTMH _aNew Delhi _c2002 |
||
| 300 | _a621 | ||
| 650 | _aBE Computer | ||
| 700 | _aK. Knight | ||
| 942 | _cBK | ||
| 999 |
_c8097 _d8097 |
||